000 00237nam a2200109Ia 4500
008 190216s9999||||xx |||||||||||||| ||und||
100 _aYogim Konrad
245 0 _aTractor
260 _bBhasha Institute
650 _aPhysics
942 _cBK
999 _c39192
_d39192